Statistiken für Häufigste Straßennamen Österreichs

Klicken Sie hier um das Quiz zu spielen!

Allgemein

  • Dieses Quiz wurde 94 mal gespielt
  • Das Durchschnittsergebnis liegt bei 21 aus 68

Antwortstatistiken

#Straße% Korrekt
254Hauptplatz
82%
545Hauptstraße
82%
162Wiener Straße
66%
196Bahnstraße
63%
113Bahnweg
63%
241Berggasse
63%
144Bergstraße
63%
354Bahnhofstraße
53%
258Dorfstraße
48%
324Kirchengasse
48%
217Kirchenplatz
48%
134Kirchenweg
48%
145Waldgasse
48%
130Waldstraße
48%
230Waldweg
48%
314Schulgasse
45%
302Schulstraße
45%
121Schulweg
45%
177Bachgasse
43%
132Bachweg
43%
143Wiesengasse
40%
258Wiesenweg
40%
412Feldgasse
39%
103Feldstraße
39%
135Feldweg
39%
146Marktplatz
39%
126Buchenweg
37%
124Lindengasse
37%
171Lindenweg
37%
155Eichenweg
36%
243Gartengasse
35%
161Gartenstraße
35%
187Gartenweg
35%
101Birkengasse
33%
269Birkenweg
33%
149Rosengasse
30%
150Rosenweg
30%
108Fichtenweg
24%
102Friedhofstraße
24%
100Friedhofweg
24%
128Badgasse
23%
117Augasse
19%
134Auweg
19%
103Weidenweg
19%
117Teichweg
18%
119Brunnengasse
17%
100Brunnenweg
17%
251Sonnenweg
17%
161Mühlgasse
16%
143Mühlweg
16%
116Kellergasse
14%
147Erlenweg
13%
158Kapellenweg
11%
155Sportplatzstraße
11%
124Sportplatzweg
11%
132Föhrenweg
10%
134Industriestraße
10%
106Am Anger
8%
115Flurgasse
7%
125Höhenweg
7%
122Fasangasse
6%
135Gewerbestraße
6%
103Römerstraße
6%
141Römerweg
6%
141Neubaugasse
5%
101Panoramaweg
5%
111Florianigasse
4%
169Mitterweg
4%

Verteilung der Resultate

Perzentil nach korrekt beantworteten Fragen

Anzahl Personen mit jedem Resultat

Ihre Resultats-Entwicklung

Sie haben dieses Quiz noch nicht gespielt